000 00568nam a2200229Ia 4500
003 OSt
005 20220924133907.0
006 a|||||r|||| 00| 0
007 ta
008 220923b |||||||| |||| 00| 0 urd d
024 _a269965
037 _cTextual
040 _aARTS
_cARTS
_burd
041 _2urd
_aurd
082 _aO168,1N21x, L3
100 _aSarmad Mazhari
_9207609
245 0 _aWardat-e-Sarmad
260 _c1973
650 _aURDU POETRY
942 _hO168,1N21x, L3
_cTEXL
_2CC
999 _c435634
_d435634